Statistics for top 10 most populated in world map

Click here to take the quiz!

General Stats

  • This quiz has been taken 11 times
  • The average score is 9 of 10

Answers on the Map

Answers color-coded by a green-red scale on the quiz's map according to % correct below.
 

Answer Stats

Answer% Correct
china
100%
india
100%
usa
100%
brazil
91%
mexico
91%
russia
91%
indonesia
82%
nigeria
82%
pakistan
82%
bangladesh
64%

Score Distribution

Percentile by Number Answered

Percent of People with Each Score

Your Score History

You have not taken this quiz